Bibliografia k dejinám komunistického hnutia na Slovensku knižná a článková tvorba za roky 1945-1970

Bibliographic Details
Other Authors: Machánková, Růžena (Compiler)
Format: Book
Language:Slovak
PhysicalDescription:455 strán 8°
Published: Bratislava Pravda 1972
Edition:1. vyd.
Subjects:

MARC

LEADER 00000cam a2200000 a 4500
001 vtls008320142
003 SK-MaSNL
005 20260426000433.0
008 230501s1972 xo frb n 001 0 slo
015 |a SNBA1972/06-01354 
015 |a SNBSAB1972 
020 |q (viazané) 
035 |a SK01SNK19720012359 
035 |a 58FE6EDD-67AF-4297-BAE9-C632B7C287FB 
035 |a urn:nbn:sk:snk-am00ii9b 
035 |a SKM000014822 
040 |a SNK  |b slo  |c SNK  |e AACR2 
041 0 |a slo 
043 |a e-xo--- 
044 |a xo  |c SK 
072 7 |a 329  |x Politické strany a hnutia  |2 konspekt 
072 7 |a 01  |x Bibliografia. Katalógy  |2 konspekt 
080 |a 329.15(437.6)KSČ:016  |2 1981 
080 |a 016:329.15(437.6)KSČ  |2 1981 
080 |a 329.15  |2 2011 
080 |a (437.6)  |2 2011 
080 |a (01)-048.58  |2 2011 
245 0 0 |a Bibliografia k dejinám komunistického hnutia na Slovensku  |b knižná a článková tvorba za roky 1945-1970  |c Růžena Machánková 
250 |a 1. vyd. 
260 |a Bratislava  |b Pravda  |c 1972  |e Žilina  |f Pravda 
300 |a 455 strán  |c 8° 
366 |e 1000 výtl. 
504 |a Obsahuje register 
648 7 |a 1945-1970  |2 SNKPH  |9 320564 
650 0 7 |a komunistické strany  |2 SNKPH  |9 3597 
651 7 |a Slovensko  |2 SNKPHgeo  |9 14231 
655 7 |a výberové bibliografie  |2 SNKPH  |9 70561 
700 1 |a Machánková, Růžena  |4 com  |9 322222 
852 |a Slovenská národná knižnica 
954 |a odborná, vedecká literatúra cudzojazyčná (svetová)  |2 lita 
958 |a TL 
958 |a RK 
958 |a SF 
958 |a OND 
958 |a NB 
958 |a EUIPO 
999 |c 855713  |d 857643 
952 |a SNK  |b SNK  |y PREZ  |7 0  |p 17A0928418  |o snkSC 29479  |i snkKSP 5010/72  |0 0  |1 0  |4 0  |d 2012-09-25  |f 1  |l 0  |r 2025-09-18 00:00:00  |w 2026-02-24 
952 |a SNK  |b SNK  |y VYP  |7 0  |p 17A0386985  |o snkSC 29479 D1  |i snkKSP 5011/72  |0 0  |1 0  |4 0  |d 2003-06-26  |l 0  |r 2005-01-02 00:00:00  |w 2026-02-24